Finančné investovanie

Investovanie formou vecných a finančných investícií. Výsledok finančného investovania. Rozdiel medzi finančnými investíciami a krátkodobým finančným majetkom. Motivácia pre dlhodobé finančné investovanie. Finančné investície v účtovníctve. Krátkodobý finančný majetok. Cieľ krátkodobého investovania.

Salvato in:
Dettagli Bibliografici
Autore principale: Miková, Oľga
Natura: Capitolo di libro
Lingua:slovacco
Soggetti:
Tags: Aggiungi Tag
Nessun Tag, puoi essere il primo ad aggiungerne!!

MARC

LEADER 00000naa a2200000 4500
001 r021734
005 20230809082155.6
041 0 |a slo 
044 |a SK 
245 1 0 |a Finančné investovanie  |c Oľga Miková 
520 |a Investovanie formou vecných a finančných investícií. Výsledok finančného investovania. Rozdiel medzi finančnými investíciami a krátkodobým finančným majetkom. Motivácia pre dlhodobé finančné investovanie. Finančné investície v účtovníctve. Krátkodobý finančný majetok. Cieľ krátkodobého investovania. 
610 2 0 |a investovanie 
610 2 0 |a investície 
610 2 0 |a financie 
610 2 0 |a papiere cenné 
610 2 0 |a majetok finančný 
610 2 0 |a výnosy 
610 2 0 |a účtovníctvo 
100 1 |a Miková, Oľga